| 000 | 00911nac a22002771i 4500 | ||
|---|---|---|---|
| 003 | EG-ScBUE | ||
| 005 | 20260511121648.0 | ||
| 008 | 260511s1986 -cna f 001 0 eng d | ||
| 020 | _a003921835X | ||
| 020 | _a0039108015 | ||
| 040 |
_aEG-ScBUE _beng _erda _cEG-ScBUE _dEG-ScBUE |
||
| 082 | 0 | 4 |
_a512.5 _bAND _222 |
| 100 | 1 |
_aAnderson, Robert F. V., _eauthor. |
|
| 245 | 1 | 0 |
_aIntroduction to linear algebra / _cRobert F. V. Anderson, University of British Columbia. |
| 250 | _bInternational edition. | ||
| 264 | 1 |
_aToronto : _bHolt, Rinehart and Winston of Canada, _c1986. |
|
| 300 |
_axix, 388 pages : _billustrations ; _c25 cm |
||
| 336 |
_2rdacontent _atext _btxt |
||
| 337 |
_aunmediated _2rdamedia _bn |
||
| 338 |
_avolume _bnc _2rdacarrier |
||
| 500 | _aIncludes index. | ||
| 650 | 7 |
_aAlgebras, Linear. _2BUEsh |
|
| 650 | 7 |
_aAlgèbre linäire. _2BUEsh |
|
| 655 | _vReading book | ||
| 942 |
_cBB _2ddc |
||
| 999 |
_c4721 _d4721 |
||